01811 a2200193 45000010006000000050017000060080041000230030015000640400040000790800022001192450042001412500011001832640080001943000029002745051248003031000017015517000023015687000026015912819620260407155554.0260407a1963 arg spa dAR-UNSa-BCEJYS aAR-UNSa-BCEJYSbspacAR-UNSa-BCEJYS a657xContabilidad10aCurso de contabilidadpIntroducción a2a. ed 1aMéxico :bUnión Tipográfica Editorial Hispano-Americana (UTEHA)c1963 a2v.(818; 510 p.)c23 cm. aVol. I: Teoría y preguntas y problemas: 1. Activo, pasivo y capital - 2. Procedimientos básicos para la contabilidad - 3. Cambios en el capital. Cierre de libros - 4. Ajustes por gastos e ingresos acumulados. Hojas de trabajo - 5. Ajustes por ingresos y gastos diferidos. Hojas de trabajo (continuación) - 6. Operaciones con mercancías - 7. Diversos aspectos de operación - 8. Organización de los estados y del mayor. Estados clasificados - 9. Pagarés y aceptaciones - 10. Libros de registro original. Cuentas de control - 11. Empresas individuales. Sociedades en nombre colectivo - 12. Sociedades anónimas - 13. Sociedades anónimas (conclusión) - 14. El sistema de comprobantes - 15. El efectivo - 16. Cuentas por cobrar e inversiones - 17. Contabilización del inventario - 18. Activo fijo - 19. Pasivo - 20. Operaciones de producción - 21. Contabilidad de costos - 22. Principios contables - 23. El análisis de los estados financieros - 24. El estado de aplicación de fondos - 25. La contabilidad, instrumento de la administración - 26. Operaciones departamentales - 27. Consignaciones. Ventas en abonos. Sucursales - 28. Estados consolidados - Vol. II: Soluciones a los problemas y respuestas a las preguntas.1 aFinney, H.A.1 aMiller, Herbert E.1 aVasquez Prada, Julian